Fables de La Fontaine : Le Loup et l'agneau - Statistiques

Statistiques générales
  • Ce quiz a été pris 431 fois
  • Le résultat moyen est 124 sur 195
Statistiques - réponses
% Correct
Loup
97%
à
96%
La
94%
la
94%
l’a
94%
Là-
94%
le
94%
Le
94%
Agneau
90%
de
90%
me
89%
est
86%
des
85%
du
85%
Un
85%
ma
82%
Et
81%
et
81%
fort
81%
il
81%
se
81%
ce
80%
plus
80%
Plus
80%
mon
79%
toujours
79%
Ne
78%
ne
78%
né ?
78%
je
77%
Je
77%
– Je
77%
meilleure :
77%
sa
77%
pas
74%
si
74%
– Si
74%
ces
73%
Dans
73%
Nous
73%
que
72%
Que
72%
raison
72%
tout
72%
au-
71%
au
71%
On
70%
en
69%
te
69%
ton
69%
l’heure.
68%
donc
67%
qui
67%
Qui
67%
toi,
67%
Dit
66%
dit :
66%
frère.
66%
c’est
65%
– C’est
65%
n’est
65%
Tu
65%
– Tu
65%
tu
65%
mange,
64%
montrer
64%
courant
63%
courant,
63%
désaltérait
62%
dessus,
62%
l’allons
60%
ai
59%
puis
59%
pure.
59%
Sans
59%
cet
58%
d’une
58%
faim
58%
– Comment
57%
onde
57%
n’étais
56%
troubler
56%
vous
56%
Vous,
56%
point.
55%
mère.
54%
n’en
54%
tiens :
54%
l’Agneau,
53%
autre
52%
dessous
52%
Mais
52%
animal
51%
forme
51%
lieux
51%
procès.
51%
ta
51%
aventure,
50%
breuvage ?
50%
fait
50%
moi
50%
cherchait
49%
encor
49%
faut
49%
par
49%
boisson.
48%
plein
48%
rage :
48%
tette
48%
votre
48%
jeun
47%
hardi
46%
Majesté
46%
vos
46%
l’an
45%
passé.
45%
rend
45%
sais
45%
troubles,
45%
chiens.
44%
survient
44%
venge.
44%
vingt
44%
attirait.
43%
bergers,
42%
désaltérant
42%
cette
41%
colère ;
41%
d’Elle,
41%
l’aurais-
41%
l’emporte,
41%
mette
41%
répond
41%
seras
41%
– Sire,
41%
Car
40%
châtié
40%
médis
40%
témérité.
40%
aucune
38%
bête
38%
considère
38%
plutôt
38%
qu’elle
38%
conséquent,
37%
façon,
35%
quelqu’un
35%
forêts
34%
guère,
34%
cruelle,
33%
m’épargnez
33%
vas
33%
fond
30%
reprit
28%
Reprit
28%
Aucun quiz correspondant
Distribution des résultats
% des personnes avec chaque résultat
Percentile par nombre de réponses
Votre historique - résultats
Vous n’avez pas pris ce quiz